Women's International Network news

Detalles Bibliográficos
Autor Corporativo: Women's International Network
Formato: Electrónico Revista
Lenguaje:inglés
Publicado: Lexington, MA : Women's International Network
Materias:
Acceso en línea:Full text available from Research Library: 01/31/1990 to 10/31/2003

MARC

LEADER 00000nas a2200000 a 4500
001 ssj0001763
003 WaSeSS
005 20200512172242.0
006 m d
007 cr n
008 050614d19752003mauqr pss 0 0eng c
010 |a  2013236958 
016 7 |a 2067531-8  |2 DE-600 
022 |y 0145-7985 
035 |a (WaSeSS)ssj0001763 
040 |a OCLCS  |b eng  |c OCLCS  |d MUQ  |d AMH  |d IUL  |d OCLCQ  |d OCLCE  |d OCLCQ  |d NOC  |d OCLCQ  |d AU@  |d TXJ  |d QE2  |d NZAUC  |d HEBIS  |d OCLCO  |d OCLCF  |d OCLCO  |d OCLCQ  |d VT2  |d OCLCQ  |d WaSeSS 
042 |a pcc  |a dlr 
050 4 |a HQ1101  |b .W763a 
082 0 4 |a 301.41/2/05 
130 0 |a Women's International Network news (Online) 
245 1 0 |a Women's International Network news  |h [electronic resource]. 
246 3 0 |a News 
246 1 3 |a WIN news 
260 |a Lexington, MA :  |b Women's International Network 
310 |a Quarterly 
362 1 |a Print began Jan. 1975. 
362 1 |a Print ceased with v. 29, no. 4 (autumn 2003). 
506 |a License restrictions may limit access. 
538 |a Master and use copy. Digital master created according to Benchmark for Faithful Digital Reproductions of Monographs and Serials, Version 1. Digital Library Federation, December 2002.  |u http://purl.oclc.org/DLF/benchrepro0212  |5 MiAaHDL 
538 |a Mode of access: World Wide Web. 
583 1 |a digitized  |c 2010  |h HathiTrust Digital Library  |l committed to preserve  |2 pda  |5 MiAaHDL 
588 |a Description based on print version record. 
650 0 |a Women  |v Periodicals. 
650 0 |a Women's rights  |v Periodicals. 
650 6 |a Femmes  |x Droits  |v Périodiques. 
650 6 |a Femmes  |v Périodiques. 
650 7 |a Women.  |2 fast  |0 (OCoLC)fst01176568 
650 7 |a Women's rights.  |2 fast  |0 (OCoLC)fst01178818 
650 0 7 |a WOMEN.  |2 unbist 
655 0 |a Electronic journals. 
710 2 |a Women's International Network. 
776 0 8 |i Print version:  |t Women's International Network news  |x 0145-7985  |w (DLC) 77641756  |w (OCoLC)2694733 
856 4 0 |z Full text available from Research Library: 01/31/1990 to 10/31/2003  |u https://search.proquest.com/publication/31194